| 000 | 00431nam a2200169Ia 4500 | ||
|---|---|---|---|
| 003 | LK-CoDNM | ||
| 005 | 20240226153952.0 | ||
| 008 | 010623t1891 xxu||||| |||| 00| 1 sin d | ||
| 040 |
_aLK-CoDNM _dLK-CoDNM _eLK-CoDNM |
||
| 041 | _asin | ||
| 080 | _a104 U22 | ||
| 245 | _aපත්තිනි හෑල්ල | ||
| 246 | _aPaththini hella | ||
| 260 |
_bW.J.Perera _aColombo _c1891 |
||
| 300 |
_bDamaged _a21p., 18 cm |
||
| 942 | _cBK | ||
| 999 |
_c83419 _d83419 |
||